TRUTH ABOUT GETTING THINGS DONE (Record no. 20681)

MARC details
000 -LEADER
fixed length control field 00340nam a2200133Ia 4500
008 - FIXED-LENGTH DATA ELEMENTS--GENERAL INFORMATION
fixed length control field 240624s9999 xx 000 0 und d
041 ## - LANGUAGE CODE
Language code of text/sound track or separate title eng
082 ## - DEWEY DECIMAL CLASSIFICATION NUMBER
Classification number 153.8 FRI
100 ## - MAIN ENTRY--PERSONAL NAME
Personal name FRITZ MARK
245 ## - TITLE STATEMENT
Title TRUTH ABOUT GETTING THINGS DONE
260 ## - PUBLICATION, DISTRIBUTION, ETC.
Date of publication, distribution, etc. 2008
Place of publication, distribution, etc. London
Name of publisher, distributor, etc. Prentice Hall
300 ## - PHYSICAL DESCRIPTION
Extent viii, : 176 : p. : cm. ; 21
365 ## - TRADE PRICE
Currency code RS
Price amount 26
Holdings
Withdrawn status Lost status Damaged status Not for loan Home library Current library Shelving location Date acquired Source of acquisition Cost, normal purchase price Total Checkouts Full call number Barcode Date due Date last seen Date last checked out Copy number Price effective from Koha item type
        IMTN IMTN Rack 2-B 12/13/2012 TB 299.00 2 153.8 FRI 20681 01/18/2026 01/08/2026 01/08/2026 1 06/24/2024 Books
Designed & Maintained by: LRC IMT Nagpur Contact: lrc@imtnag.ac.in© 2024. All Rights Reserved.